Evangelium-Begriff und Gattung: ein Forschungsbericht
Salvato in:
| Autore principale: | |
|---|---|
| Natura: | Libro |
| Lingua: | tedesco |
| Pubblicazione: |
Stuttgart
Katholisches Bibelwerk
1994
|
| Edizione: | 1a. ed |
| Serie: | Stuttgarter Biblische Beiträge, 15
|
| Soggetti: | |
| Tags: |
Aggiungi Tag
Nessun Tag, puoi essere il primo ad aggiungerne!!
|
MARC
| LEADER | 00000cam a2200000 a 4500 | ||
|---|---|---|---|
| 001 | UCE8178 | ||
| 003 | CL-VaPUC | ||
| 008 | 150728e19940000gw |||||||||||||||||ger|d | ||
| 020 | |a 3460001526 | ||
| 082 | 0 | 4 | |a 226 |b FRA |2 21 |
| 100 | 0 | |a Frankemölle, Hubert |e author |9 580912 | |
| 245 | 1 | 0 | |a Evangelium-Begriff und Gattung: ein Forschungsbericht |
| 250 | |a 1a. ed | ||
| 300 | |a 307 p | ||
| 942 | |c BK | ||
| 945 | |d 20150728 02:04:00 |a gsalatino | ||
| 260 | |a Stuttgart |b Katholisches Bibelwerk |c 1994 | ||
| 650 | 0 | |a Evangelios |9 314864 | |
| 650 | 0 | |a Crítica e interpretación |9 255042 | |
| 583 | |a last modification |c 20150728 02:04:00 |k Rodrigo Vera | ||
| 490 | 0 | |a Stuttgarter Biblische Beiträge, 15 | |
| 999 | |c 360117 |d 360115 | ||
| 952 | |0 0 |1 0 |3 erb |4 0 |6 226_000000000000000_FRA_1994 |7 0 |8 A |9 469759 |a BIBTEO |b BIBTEO |e Casale Rolle, Carlos Ignacio, -2014 |i 5183871 |o 226 FRA 1994 |p 5183871 |r 2025-01-17 |w 2019-11-23 |y BK |z Catalogado en:20150728 |k ICR | ||